Farkašová znova vo Svetovom pohári po nútenej pauze nastúpi vo Francúzsku

Bibliographic Details
Format: Article
Language:Slovak
Subjects:
Online Access:http://korzar.sme.sk/

MARC

LEADER 00000nab a2200000 a 4500
001 vtls010574962
003 SK-MaSNL
005 20260304173422.0
008 140207c20140130xo dr| 0 0slo
038 |a RVGKPD 
040 |a RVGKPD  |b slo  |c RVGKPD  |e AACR2 
041 |a slo 
044 |a xo  |c SK 
080 |a 796.92  |2 1997 
245 0 0 |a Farkašová znova vo Svetovom pohári  |b po nútenej pauze nastúpi vo Francúzsku  |c [autor] (pp) 
300 |b Fotogr. 
600 1 7 |a Farkašová, Henrieta,  |d 1986-  |2 rvgkpd  |9 132625 
650 0 7 |a lyžovanie  |2 rvgkpd  |9 3256 
650 0 7 |a športovci telesne postihnutí  |2 rvgkpd  |9 877310 
651 7 |a Rožňava (Slovensko)  |2 rvgkpd  |9 17394 
773 0 |t Korzár : denník Košického kraja  |g Roč. XVII, č. 24 (30.1.2014), s. 15  |x 1338-659X 
852 |a RVGKPD  |b KIS3G 
856 4 1 |u http://korzar.sme.sk/ 
992 |a RBX 
999 |c 3003185  |d 3005115